[Event "N�-LL 2007_08"]
[Site "?"]
[Date "2007.09.16"]
[Round "1"]
[White "Denk, Adolf"]
[Black "Csonka, Attila"]
[Result "0-1"]
[WhiteElo "2259"]
[BlackElo "2312"]
[Annotator "Schwarzatal : St.P�lten"]
[PlyCount "74"]
[EventDate "2007.09.21"]
[SourceDate "2007.09.21"]

1. d4 Nf6 2. Nf3 e6 3. c4 b6 4. a3 Ba6 5. Nbd2 Bb7 6. g3 c5 7. Bg2 Be7 8. O-O
O-O 9. b3 Qc7 10. Bb2 d6 11. Qc2 Nbd7 12. e4 cxd4 13. Nxd4 a6 14. Rac1 Rac8 15.
Rfe1 Rfd8 16. b4 Qb8 17. Qb1 Qa8 18. h3 Bf8 19. Kh2 g6 20. Nc2 b5 21. Qa1 e5
22. cxb5 axb5 23. Qb1 Bh6 24. Ne3 Nf8 25. Rxc8 Rxc8 26. Qd3 Ne6 27. Nd5 Nxd5
28. exd5 Bxd2 29. Qxd2 Nf8 30. f4 f6 31. h4 Qa4 32. Rc1 Rxc1 33. Bxc1 Qb3 34.
h5 Qc4 35. Kg1 e4 36. Bf1 Qb3 37. Kg2 Qf3+ 0-1

[Event "N�-LL 2007_08"]
[Site "?"]
[Date "2007.09.16"]
[Round "1"]
[White "Weinwurm, Wolfgang"]
[Black "Ganaus, Hannes"]
[Result "1/2-1/2"]
[WhiteElo "2069"]
[BlackElo "2340"]
[Annotator "Schwarzatal : St.P�lten"]
[PlyCount "62"]
[EventDate "2007.09.21"]
[SourceDate "2007.09.21"]

1. e4 c6 2. d4 d5 3. e5 Bf5 4. Nc3 e6 5. g4 Bg6 6. Nge2 Qh4 7. Ng3 Bb4 8. a3
Ba5 9. Be3 f6 10. b4 Bc7 11. f4 fxe5 12. dxe5 Nd7 13. Qd2 h6 14. O-O-O Qe7 15.
Na4 a5 16. Nc5 axb4 17. axb4 Ra1+ 18. Kb2 Rxd1 19. Qxd1 Nxc5 20. Bxc5 Qf7 21.
Qd4 Ne7 22. Bd6 Kd7 23. Bh3 Bh7 24. f5 Re8 25. Ne4 dxe4 26. Bxc7+ Kxc7 27. Qd6+
Kb6 28. c4 Nd5 29. Kb3 Ne3 30. Qc5+ Kc7 31. Qd6+ Kb6 1/2-1/2

[Event "N�-LL 2007_08"]
[Site "?"]
[Date "2007.09.16"]
[Round "1"]
[White "R�hrl, Karl"]
[Black "Degen, Gerhard"]
[Result "1-0"]
[WhiteElo "2221"]
[BlackElo "2095"]
[Annotator "Schwarzatal : St.P�lten"]
[PlyCount "59"]
[EventDate "2007.09.21"]
[SourceDate "2007.09.21"]

1. e4 c6 2. d4 d5 3. Nd2 dxe4 4. Nxe4 Nf6 5. Nxf6+ exf6 6. Bc4 Qe7+ 7. Be2 Be6
8. Nf3 Bc4 9. Be3 Qb4+ 10. c3 Qb5 11. Bxc4 Qxc4 12. Nd2 Qe6 13. O-O Bd6 14. Re1
O-O 15. Bf4 Qd7 16. Bxd6 Qxd6 17. Qg4 Nd7 18. Nc4 Qc7 19. Re7 Rad8 20. Rae1 g6
21. Qg3 Qxg3 22. hxg3 b6 23. a4 a6 24. g4 Kg7 25. Nd6 Nb8 26. Ne8+ Kg8 27.
Nxf6+ Kg7 28. g5 h6 29. f4 hxg5 30. fxg5 1-0

[Event "N�-LL 2007_08"]
[Site "?"]
[Date "2007.09.16"]
[Round "1"]
[White "Braun, Karl-Heinz"]
[Black "Wallner, Erich"]
[Result "0-1"]
[WhiteElo "2036"]
[BlackElo "2192"]
[Annotator "Schwarzatal : St.P�lten"]
[PlyCount "77"]
[EventDate "2007.09.21"]
[SourceDate "2007.09.21"]

1. e4 c6 2. d4 d5 3. Nc3 g6 4. Be3 Nf6 5. f3 Qb6 6. Rb1 Na6 7. e5 Nh5 8. b4 Nb8
9. Nge2 Ng7 10. Bh6 Nf5 11. Bxf8 Kxf8 12. Qd2 h5 13. g3 Kg7 14. Bg2 f6 15.
exf6+ exf6 16. O-O Nd7 17. Rfe1 Re8 18. Na4 Qc7 19. Nf4 Rxe1+ 20. Rxe1 Nf8 21.
Re8 Nd6 22. Re1 Bf5 23. Bf1 b6 24. Nc3 Qd7 25. b5 Nxb5 26. Bxb5 cxb5 27. Ncxd5
Re8 28. Ne3 Be6 29. c3 Bf7 30. g4 hxg4 31. fxg4 Nh7 32. Rf1 Ng5 33. h3 Re4 34.
Neg2 Re8 35. Qc2 b4 36. d5 Qd6 37. c4 Qc5+ 38. Kh2 Re4 39. Rd1 0-1

[Event "N�-LL2007_08"]
[Site "?"]
[Date "2007.09.16"]
[Round "1"]
[White "Rumpl, Erwin"]
[Black "Svanda, Pavel"]
[Result "1-0"]
[WhiteElo "2286"]
[BlackElo "2246"]
[Annotator "Waidhofen : Amstetten"]
[PlyCount "143"]
[EventDate "2007.09.16"]
[SourceDate "2007.09.21"]

1. e4 c5 2. c3 d6 3. d4 Nd7 4. Nf3 Qc7 5. Bd3 Ngf6 6. O-O c4 7. Bc2 e5 8. Qe2
b6 9. b3 Be7 10. Qxc4 Qxc4 11. bxc4 Bb7 12. Nbd2 O-O 13. a4 Rfc8 14. Bd3 Ne8
15. Ba3 Bf6 16. Rfb1 Ba6 17. Bf1 Nb8 18. d5 Nd7 19. Bb4 Bd8 20. a5 Nc5 21. axb6
axb6 22. g3 Bb7 23. Rxa8 Bxa8 24. h4 Bb7 25. Bh3 Rc7 26. Ne1 Bc8 27. Bxc8 Rxc8
28. Ra1 Nc7 29. Kf1 Ra8 30. Rxa8 Nxa8 31. Ke2 h5 32. Nd3 g5 33. hxg5 Bxg5 34.
Nxc5 dxc5 35. Ba3 Bxd2 36. Kxd2 Nc7 37. f4 f6 38. fxe5 fxe5 39. Kd3 Kf7 40. Bc1
Kf6 41. d6 Ne6 42. Bh6 Kg6 43. Be3 Nf8 44. Ke2 Kf6 45. Kf3 Ke6 46. Bg5 Kxd6 47.
Bd8 Ne6 48. Bf6 Nc7 49. g4 hxg4+ 50. Kxg4 Ke6 51. Bd8 Na8 52. Kg5 Kd7 53. Bf6
Ke6 54. Kg6 Nc7 55. Bd8 Na8 56. Kg7 Kd7 57. Bf6 Ke6 58. Bd8 Kd7 59. Bh4 Nc7 60.
Kf6 Kd6 61. Kf5 b5 62. cxb5 Nxb5 63. Bf6 Na7 64. Bxe5+ Kd7 65. Bf6 Nc6 66. e5
Na7 67. e6+ Ke8 68. Ke5 Nb5 69. Kd5 Nc7+ 70. Kd6 Na6 71. Kc6 c4 72. Kb6 1-0

[Event "N�-LL2007_08"]
[Site "?"]
[Date "2007.09.16"]
[Round "1"]
[White "Brychta, David"]
[Black "Wadsack, Wolfgang"]
[Result "1-0"]
[WhiteElo "2160"]
[BlackElo "2210"]
[Annotator "Waidhofen : Amstetten"]
[PlyCount "97"]
[EventDate "2007.09.16"]
[SourceDate "2007.09.21"]

1. Nf3 d5 2. c4 Nf6 3. cxd5 Nxd5 4. e4 Nb6 5. d4 Bg4 6. Be3 e5 7. dxe5 Qxd1+ 8.
Kxd1 Nc6 9. Bf4 O-O-O+ 10. Nbd2 Bxf3+ 11. gxf3 Bb4 12. a3 Bxd2 13. Bxd2 Nxe5
14. Ke2 Nxf3 15. Bh3+ Kb8 16. Bc3 Nd4+ 17. Kf1 Na4 18. Rg1 g6 19. Rg3 Rhe8 20.
Bg2 Nb3 21. Re1 Nd2+ 22. Kg1 Nxc3 23. Rxc3 Nxe4 24. Bxe4 f5 25. Rce3 Rxe4 26.
Rxe4 fxe4 27. Rxe4 b5 28. Re5 a6 29. a4 bxa4 30. Ra5 Rd4 31. Rxa6 Kb7 32. Ra5
Kb6 33. Ra8 Rb4 34. Rh8 Rxb2 35. Rb8+ Kc5 36. Rxb2 c6 37. Kf1 Kc4 38. Ke2 Kc3
39. Rb6 c5 40. Ra6 Kb3 41. Kd2 a3 42. Rb6+ Kc4 43. Kc2 Kd4 44. Ra6 g5 45. Rxa3
h5 46. Ra4+ c4 47. Ra5 g4 48. Rxh5 Ke4 49. h3 1-0

[Event "N�-LL2007_08"]
[Site "?"]
[Date "2007.09.16"]
[Round "1"]
[White "Kreischer, Georg"]
[Black "Kropik, Martin"]
[Result "1-0"]
[WhiteElo "2042"]
[BlackElo "2089"]
[Annotator "Waidhofen : Amstetten"]
[PlyCount "47"]
[EventDate "2007.09.16"]
[SourceDate "2007.09.21"]

1. e4 d6 2. Nf3 Nf6 3. Nc3 g6 4. d4 Bg7 5. Be2 c5 6. dxc5 Qa5 7. O-O Qxc5 8.
Qd3 O-O 9. Be3 Qa5 10. Rfd1 Nc6 11. Nd5 Nxd5 12. exd5 Ne5 13. Nxe5 Bxe5 14. Qb3
Rb8 15. a4 Bd7 16. c3 Rfc8 17. Ra3 Bf6 18. Bb5 Bf5 19. h3 h5 20. Bf1 Kf8 21.
Qb5 Qxb5 22. axb5 a6 23. bxa6 bxa6 24. Rd2 1-0

[Event "N�-LL2007_08"]
[Site "?"]
[Date "2007.09.16"]
[Round "1"]
[White "Rabl, Gerhard"]
[Black "Bachmayer, Josef"]
[Result "0-1"]
[WhiteElo "1937"]
[BlackElo "2084"]
[Annotator "Waidhofen : Amstetten"]
[PlyCount "34"]
[EventDate "2007.09.16"]
[SourceDate "2007.09.21"]

1. d4 f5 2. Nf3 Nf6 3. g3 g6 4. Bg2 Bg7 5. b3 O-O 6. Bb2 c6 7. O-O Na6 8. c4
Rb8 9. Nbd2 b5 10. cxb5 cxb5 11. Ne5 Bb7 12. a3 Bxg2 13. Kxg2 Nc7 14. e3 Ncd5
15. Qe2 Qb6 16. f3 Bh6 17. e4 Ne3+ 0-1

[Event "N�-LL 2007/08"]
[Site "?"]
[Date "2007.09.16"]
[Round "1"]
[White "Trkulja, Zoran"]
[Black "Knoll, Hermann"]
[Result "0-1"]
[WhiteElo "2199"]
[BlackElo "2373"]
[Annotator "P�chlarn : Korneuburg"]
[PlyCount "140"]
[EventDate "2007.09.21"]
[SourceDate "2007.09.21"]

1. e4 c5 2. Nf3 d6 3. d4 cxd4 4. Nxd4 Nf6 5. Nc3 a6 6. f4 e5 7. Nf3 Nbd7 8. Bd3
Be7 9. O-O b5 10. a4 b4 11. Ne2 O-O 12. Ng3 Nc5 13. Kh1 Qc7 14. fxe5 dxe5 15.
Bg5 h6 16. Bxf6 Bxf6 17. Nd2 Bg5 18. Nc4 Be6 19. Qe2 Rad8 20. Nf5 g6 21. Nfe3
Rd4 22. Nd2 Nxd3 23. cxd3 Rfd8 24. Nf3 R4d7 25. Nxg5 hxg5 26. Ng4 Rxd3 27. Nf6+
Kg7 28. Nd5 Qc4 29. b3 Qd4 30. Rad1 Rxd1 31. Rxd1 Qc5 32. Qxa6 Bxd5 33. exd5
Rxd5 34. Rf1 Rd6 35. Qb7 Qf2 36. Qb5 Qd4 37. h3 g4 38. Re1 Rd5 39. Qe2 gxh3 40.
gxh3 e4 41. Qxe4 Qd2 42. Qe3 Qc2 43. Re2 Qf5 44. Kh2 Qd7 45. Qg3 Rd3 46. Qe5+
Kh7 47. Re3 Rd2+ 48. Kg3 Rd5 49. Qe7 Qf5 50. Rf3 Rd3 51. Qh4+ Kg7 52. Qf4 Rxf3+
53. Qxf3 Qe5+ 54. Kg2 Qb2+ 55. Kg3 Qc3 56. Kf2 Qd2+ 57. Qe2 Qf4+ 58. Qf3 Qd4+
59. Qe3 Qd5 60. Kg3 g5 61. Kf2 Kf8 62. Kg3 f5 63. Qxg5 Qxb3+ 64. Kf4 Qc4+ 65.
Kg3 Qd3+ 66. Kf2 b3 67. Qf6+ Ke8 68. Qc6+ Kf7 69. a5 Qc2+ 70. Ke3 Qxc6 0-1

[Event "N�-LL 2007/08"]
[Site "?"]
[Date "2007.09.16"]
[Round "1"]
[White "Weinzettl, Ernst"]
[Black "Sadilek, Peter"]
[Result "0-1"]
[WhiteElo "2290"]
[BlackElo "2110"]
[Annotator "P�chlarn : Korneuburg"]
[PlyCount "100"]
[EventDate "2007.09.21"]
[SourceDate "2007.09.21"]

1. e4 e6 2. d4 d5 3. Nc3 Nf6 4. Bg5 Be7 5. Bxf6 Bxf6 6. Nf3 O-O 7. Qd2 c5 8. e5
cxd4 9. Nb5 Be7 10. Nbxd4 f6 11. Be2 fxe5 12. Nxe5 Bg5 13. Qd3 Bf4 14. Ndf3 Qd6
15. Qd4 Nc6 16. Nxc6 bxc6 17. g3 e5 18. Qc3 e4 19. Nd4 Be5 20. Qxc6 Qxc6 21.
Nxc6 Bxb2 22. Rb1 Bc3+ 23. Kd1 Be6 24. Rb7 Rf7 25. Rxf7 Kxf7 26. Kc1 Bd7 27.
Bb5 Ke6 28. Rd1 Kd6 29. Nd4 Bxd4 30. Bxd7 Bxf2 31. Bg4 Be3+ 32. Kb2 Rb8+ 33.
Ka3 Bc5+ 34. Ka4 Rb2 35. c4 d4 36. Bf5 Ke5 37. Bxh7 Rxa2+ 38. Kb5 Bb6 39. Kc6
Rc2 40. Kb5 Rb2+ 41. Kc6 Rc2 42. Kb5 Rxh2 43. Bg6 Rb2+ 44. Kc6 Rf2 45. Bh7 Rf6+
46. Kb5 Rh6 47. Bg8 Rh2 48. Rc1 Rb2+ 49. Kc6 d3 50. c5 Rc2 0-1

[Event "N�-LL 2007/08"]
[Site "?"]
[Date "2007.09.16"]
[Round "1"]
[White "Hirsch, Andreas"]
[Black "Kranzl, Peter"]
[Result "0-1"]
[WhiteElo "2055"]
[BlackElo "2234"]
[Annotator "P�chlarn : Korneuburg"]
[PlyCount "98"]
[EventDate "2007.09.21"]
[SourceDate "2007.09.21"]

1. g3 g6 2. Bg2 Bg7 3. d3 Nf6 4. f4 d6 5. Nf3 c6 6. c3 Nbd7 7. Na3 O-O 8. O-O
Qc7 9. Kh1 b5 10. Nc2 Bb7 11. e4 c5 12. Be3 e5 13. Nd2 a6 14. Qe2 Rfe8 15. f5
d5 16. fxg6 fxg6 17. exd5 Nxd5 18. Ne4 N5f6 19. Rad1 Nxe4 20. dxe4 Bc6 21. Qd2
Qb7 22. Kg1 Nf6 23. Bxc5 Nxe4 24. Bxe4 Bxe4 25. Ne3 Rac8 26. b4 h5 27. Qd7 Qxd7
28. Rxd7 Rcd8 29. Rff7 Rxd7 30. Rxd7 Bf8 31. Bxf8 Kxf8 32. Nd5 Re6 33. Nc7 Rc6
34. Kf2 Rxc3 35. Nxa6 Ra3 36. Nc5 Rxa2+ 37. Ke3 Bf5 38. Rb7 Rxh2 39. Rxb5 Rb2
40. Rb7 g5 41. b5 h4 42. gxh4 gxh4 43. Rb6 Kf7 44. Nb7 Rb3+ 45. Kf2 Bg4 46. Rh6
h3 47. b6 Rb2+ 48. Kg3 Rg2+ 49. Kh4 h2 0-1

[Event "N�-LL 2007/08"]
[Site "?"]
[Date "2007.09.16"]
[Round "1"]
[White "Gattermayer, Robert"]
[Black "Kretschy, Erich"]
[Result "1-0"]
[WhiteElo "2084"]
[BlackElo "2005"]
[Annotator "P�chlarn : Korneuburg"]
[PlyCount "67"]
[EventDate "2007.09.21"]
[SourceDate "2007.09.21"]

1. e4 c5 2. Nc3 Nc6 3. d3 g6 4. Be3 d6 5. g3 Bg7 6. Bg2 e6 7. Qd2 Nge7 8. O-O-O
Qa5 9. Kb1 h5 10. Nge2 Nd4 11. Nc1 Nec6 12. a3 Bd7 13. h3 Rb8 14. N3e2 Qxd2 15.
Bxd2 b5 16. c3 Nxe2 17. Nxe2 a5 18. Bf4 e5 19. Be3 b4 20. Ka2 O-O 21. f4 Be6+
22. c4 Nd4 23. Nxd4 exd4 24. Bd2 Bd7 25. Rb1 Ba4 26. b3 Bc6 27. a4 Bd7 28. Rbe1
Rbe8 29. Bf3 f5 30. Kb1 Bh6 31. Kc2 Bg7 32. exf5 Bxf5 33. g4 hxg4 34. Bd5+ 1-0

[Event "N�-LL 2007/08"]
[Site "?"]
[Date "2007.09.16"]
[Round "1"]
[White "Schroll, Gerhard"]
[Black "Gr�tz, Harald"]
[Result "1/2-1/2"]
[WhiteElo "2386"]
[BlackElo "2321"]
[Annotator "Stockerau : Wiener Neustadt"]
[PlyCount "87"]
[EventDate "2007.09.21"]
[SourceDate "2007.09.21"]

1. e4 c5 2. c3 Nf6 3. e5 Nd5 4. Bc4 Nb6 5. Bb3 c4 6. Bc2 d6 7. Nf3 Nc6 8. Qe2
Bg4 9. exd6 Qxd6 10. Na3 Bxf3 11. Qxf3 e6 12. O-O Qc7 13. b3 Bxa3 14. Bxa3
O-O-O 15. Qe2 Qe5 16. Rfe1 Qxe2 17. Rxe2 Rd5 18. Be4 Ra5 19. Bb2 Rb5 20. Bc1
cxb3 21. axb3 Rxb3 22. Bxc6 bxc6 23. Rxa7 Rb1 24. Re1 Rf8 25. Kf1 Kb8 26. Ba3
Rxe1+ 27. Kxe1 Kxa7 28. Bxf8 g6 29. d3 Nd7 30. Bd6 Kb6 31. Kd2 Kb5 32. c4+ Kb6
33. Kc3 c5 34. d4 cxd4+ 35. Kxd4 Kc6 36. Bg3 f6 37. f3 Nf8 38. Bh4 Nd7 39. Be1
Nf8 40. Bb4 Nd7 41. Be7 e5+ 42. Ke3 f5 43. g4 h5 44. gxf5 1/2-1/2

[Event "N�-LL 2007/08"]
[Site "?"]
[Date "2007.09.16"]
[Round "1"]
[White "Hangweyrer, Manfred"]
[Black "Steiner, Adam"]
[Result "1/2-1/2"]
[WhiteElo "2372"]
[BlackElo "2151"]
[Annotator "Stockerau : Wiener Neustadt"]
[PlyCount "33"]
[EventDate "2007.09.21"]
[SourceDate "2007.09.21"]

1. e4 c5 2. Nf3 d6 3. Bb5+ Bd7 4. Bxd7+ Qxd7 5. O-O Nf6 6. d3 g6 7. e5 dxe5 8.
Nxe5 Qc7 9. Re1 Bg7 10. Nc3 O-O 11. Bf4 Nh5 12. Nd5 Qd8 13. Qf3 Nxf4 14. Nxf4
Nd7 15. Nxd7 Qxd7 16. Nd5 Rfe8 17. h4 1/2-1/2

[Event "N�-LL 2007/08"]
[Site "?"]
[Date "2007.09.16"]
[Round "1"]
[White "Schmid, Thomas"]
[Black "Posch, Werner"]
[Result "1-0"]
[WhiteElo "2201"]
[BlackElo "2173"]
[Annotator "Stockerau : Wiener Neustadt"]
[PlyCount "122"]
[EventDate "2007.09.21"]
[SourceDate "2007.09.21"]

1. e4 Nf6 2. e5 Nd5 3. d4 d6 4. Nf3 c6 5. h3 Bf5 6. Bd3 Bxd3 7. Qxd3 dxe5 8.
dxe5 e6 9. O-O Nd7 10. a3 Qc7 11. Qe4 h6 12. b3 g5 13. c4 Ne7 14. Bb2 Ng6 15.
Re1 Bg7 16. Nbd2 O-O-O 17. Qc2 Ndxe5 18. Nxe5 Bxe5 19. Bxe5 Nxe5 20. c5 Rd5 21.
Ne4 Rhd8 22. b4 g4 23. Nd6+ Kb8 24. Qc3 f6 25. hxg4 Qg7 26. Qg3 Rg8 27. f3 h5
28. Nc4 hxg4 29. Nxe5 fxe5 30. Qxg4 Qxg4 31. fxg4 Rxg4 32. Re2 a5 33. Rb1 Rg3
34. Reb2 Rxa3 35. b5 Rxc5 36. bxc6 Rxc6 37. Rxb7+ Kc8 38. Rb8+ Kd7 39. R1b5 e4
40. Ra8 e3 41. Rb2 Rc1+ 42. Kh2 Rd1 43. Ra6 Rc3 44. Rxa5 Rd5 45. Ra7+ Kd6 46.
Rb6+ Ke5 47. Raa6 Kf4 48. Ra4+ Kf5 49. Rb2 e5 50. Re2 Rd4 51. Raa2 Kf4 52. Ra1
Rd2 53. Ra4+ Rd4 54. Ra1 Rc6 55. Rf1+ Ke4 56. Rfe1 Rd3 57. Kg3 Rg6+ 58. Kh2 Kd4
59. g3 Rd2 60. Kg2 Rf6 61. Kg1 Rf3 1-0

[Event "N�-LL 2007/08"]
[Site "?"]
[Date "2007.09.16"]
[Round "1"]
[White "Vykydal, Frantisek"]
[Black "Hellmayr, Alois"]
[Result "0-1"]
[WhiteElo "2240"]
[BlackElo "2295"]
[Annotator "B�hlerwerk : Zwettl"]
[PlyCount "96"]
[EventDate "2007.09.21"]
[SourceDate "2007.09.21"]

1. e4 c5 2. Nc3 e6 3. g3 d5 4. Bg2 d4 5. Nb1 e5 6. d3 Bd6 7. Nd2 Nc6 8. Nc4 Bc7
9. a4 Be6 10. Ne2 Nge7 11. O-O Qd7 12. Nxe5 Bxe5 13. f4 Bd6 14. f5 Nxf5 15.
exf5 Bxf5 16. Bf4 Be6 17. Bxd6 Qxd6 18. Nf4 O-O 19. Re1 Rae8 20. Qh5 Bd7 21.
Be4 g6 22. Qh6 Re5 23. Bf3 Rfe8 24. Rxe5 Qxe5 25. Ng2 b6 26. Rf1 Nb4 27. Qd2
Nd5 28. b3 Ne3 29. Re1 Qf6 30. Qf2 Nxc2 31. Rxe8+ Bxe8 32. Bd1 Qxf2+ 33. Kxf2
Nb4 34. Ke2 Bc6 35. Ne1 Kg7 36. Nc2 Nxc2 37. Bxc2 Kf6 38. Kf2 Bd5 39. Bd1 Ke5
40. Bc2 f5 41. h4 h6 42. Bd1 g5 43. hxg5 hxg5 44. Bc2 g4 45. Bd1 Kf6 46. Bc2
Bf3 47. Ke1 f4 48. Kf2 Kg5 0-1

[Event "N�-LL 2007/08"]
[Site "?"]
[Date "2007.09.16"]
[Round "1"]
[White "Heimberger, Reinhard"]
[Black "Mlynek, Petr"]
[Result "1/2-1/2"]
[WhiteElo "2229"]
[BlackElo "2188"]
[Annotator "B�hlerwerk : Zwettl"]
[PlyCount "88"]
[EventDate "2007.09.21"]
[SourceDate "2007.09.21"]

1. c4 c6 2. d4 d5 3. e3 Nf6 4. Nc3 e6 5. Nf3 Nbd7 6. Bd3 dxc4 7. Bxc4 b5 8. Bd3
Bb7 9. O-O a6 10. b3 c5 11. Bb2 cxd4 12. exd4 Bd6 13. Qe2 O-O 14. Rfd1 Rc8 15.
Ne5 Qc7 16. Re1 Nb6 17. Rac1 Qe7 18. Ne4 Nxe4 19. Bxe4 Bxe4 20. Qxe4 Nd5 21.
Nd3 Qf6 22. g3 Qg6 23. Qf3 Qh6 24. Nc5 a5 25. Qe2 b4 26. Ne4 Be7 27. Rc2 Rxc2
28. Qxc2 Qg6 29. Rc1 h5 30. Nc5 Qg4 31. Qe4 Rc8 32. Qxg4 hxg4 33. Kf1 e5 34.
Nd3 Rxc1+ 35. Nxc1 e4 36. Ne2 f5 37. Kg2 g5 38. Bc1 Kf7 39. Kf1 Ke6 40. Be3 Nc3
41. a4 Kd5 42. Ke1 Nxe2 43. Kxe2 Bf6 44. Ke1 Bd8 1/2-1/2

[Event "N�-LL 2007/08"]
[Site "?"]
[Date "2007.09.16"]
[Round "1"]
[White "Neumann, Christian"]
[Black "Lipp, Alfred"]
[Result "1-0"]
[WhiteElo "1957"]
[BlackElo "2064"]
[Annotator "B�hlerwerk : Zwettl"]
[PlyCount "95"]
[EventDate "2007.09.21"]
[SourceDate "2007.09.21"]

1. e4 c5 2. Nf3 d6 3. d4 cxd4 4. Nxd4 Nf6 5. Nc3 g6 6. Be2 Bg7 7. O-O O-O 8.
Be3 Nc6 9. h3 Bd7 10. f4 Qb6 11. Qd3 Qxb2 12. Rfb1 Qa3 13. Rb3 Qa5 14. Rab1
Nxd4 15. Bxd4 Bc6 16. Bf3 Nd7 17. Bxg7 Kxg7 18. Qd4+ Kg8 19. Nb5 a6 20. Ra3 Qd8
21. Na7 Qc7 22. Nxc6 bxc6 23. Qc4 Nc5 24. e5 Rab8 25. Rd1 Rb5 26. exd6 exd6 27.
Qc3 Re8 28. Qd4 d5 29. c4 dxc4 30. Qxc4 Qb6 31. Kh2 Rb4 32. Qc1 Ne4 33. Re1 f5
34. Rc3 Rc8 35. Rc4 Nd6 36. Rxc6 Rxc6 37. Bxc6 a5 38. Bd5+ Kg7 39. Re7+ Kh8 40.
Re6 Kg7 41. Qc3+ Kh6 42. Qf6 Rxf4 43. Rxd6 Qf2 44. Qc3 Rd4 45. Qg3 Qd2 46. Rd7
a4 47. Ra7 a3 48. Bg8 1-0

[Event "N�-LL 2007/08"]
[Site "?"]
[Date "2007.09.16"]
[Round "1"]
[White "Kleiser, Gregor"]
[Black "Mahdy, Khaled"]
[Result "0-1"]
[WhiteElo "2302"]
[BlackElo "2396"]
[Annotator "Krems : Niederabsdorf"]
[PlyCount "44"]
[EventDate "2007.09.21"]
[SourceDate "2007.09.21"]

1. d4 Nf6 2. Nf3 e6 3. c4 d5 4. Bg5 Be7 5. Nc3 Nbd7 6. e3 O-O 7. Rc1 h6 8. Bh4
a6 9. a3 dxc4 10. Bxc4 c5 11. O-O b5 12. Ba2 Bb7 13. Qe2 cxd4 14. exd4 Nb6 15.
Rfd1 Nbd5 16. Bb1 Rc8 17. Bxf6 Nxf6 18. Ne5 Nd5 19. Ng6 fxg6 20. Qxe6+ Kh8 21.
Qxg6 Nf6 22. d5 Qe8 {Rest nicht lesbar} 0-1

[Event "N�-LL 2007/08"]
[Site "?"]
[Date "2007.09.16"]
[Round "1"]
[White "W�ber, Friedrich"]
[Black "Hansen, Kay"]
[Result "0-1"]
[WhiteElo "2103"]
[BlackElo "2193"]
[Annotator "Krems : Niederabsdorf"]
[PlyCount "56"]
[EventDate "2007.09.21"]
[SourceDate "2007.09.21"]

1. e4 c6 2. d4 d5 3. Nc3 b5 4. a3 a6 5. Nf3 Bg4 6. Be2 e6 7. O-O Nf6 8. Ne5
Bxe2 9. Qxe2 Be7 10. Rd1 O-O 11. Ng4 Nxe4 12. Nxe4 dxe4 13. Qxe4 Qd5 14. f3 Nd7
15. Qe2 Rfd8 16. Bf4 Rac8 17. b3 Qh5 18. c4 bxc4 19. bxc4 Qa5 20. a4 h5 21. Ne5
Nf6 22. Bd2 Bb4 23. Bg5 Bc3 24. Rab1 Bxd4+ 25. Rxd4 Rxd4 26. Bxf6 gxf6 27. Nxf7
Kxf7 28. Rb7+ Rc7 0-1

[Event "N�-LL 2007/08"]
[Site "?"]
[Date "2007.09.16"]
[Round "1"]
[White "G�tz, Alexander"]
[Black "Mayer, Martin"]
[Result "1-0"]
[WhiteElo "2163"]
[BlackElo "2038"]
[Annotator "Krems : Niederabsdorf"]
[PlyCount "48"]
[EventDate "2007.09.21"]
[SourceDate "2007.09.21"]

1. c4 c5 2. g3 Nf6 3. Bg2 Nc6 4. Nc3 g6 5. Nf3 Bg7 6. O-O O-O 7. d4 cxd4 8.
Nxd4 Nxd4 9. Qxd4 d6 10. Qd3 Bf5 11. e4 Bd7 12. Bd2 Rc8 13. b3 Re8 14. Rac1 Bc6
15. Nb5 a6 16. Na7 Rb8 17. Nxc6 bxc6 18. b4 Qb6 19. Rb1 Ng4 20. Qe2 Ne5 21. a4
Qd4 22. Rfc1 Rec8 23. Be3 Qd3 24. Qa2 Ng4 1-0

[Event "N�-LL 2007/08"]
[Site "?"]
[Date "2007.09.16"]
[Round "1"]
[White "Walter, Martin"]
[Black "Wiedermann, Daniel"]
[Result "1/2-1/2"]
[WhiteElo "1987"]
[BlackElo "2078"]
[Annotator "Krems : Niederabsdorf"]
[PlyCount "77"]
[EventDate "2007.09.21"]
[SourceDate "2007.09.21"]

1. e4 c5 2. d4 cxd4 3. c3 Nf6 4. e5 Nd5 5. Nf3 Nc6 6. cxd4 d6 7. Bc4 Nb6 8. Bb5
dxe5 9. Nxe5 Bd7 10. Bxc6 Bxc6 11. Nxc6 bxc6 12. O-O e6 13. Be3 Bd6 14. Nd2 O-O
15. Nf3 Nd5 16. Rc1 Qb6 17. Qc2 Rac8 18. h4 h6 19. Rfe1 Nxe3 20. Rxe3 Bf4 21.
Rb3 Qa5 22. Re1 Qxa2 23. Ra3 Qd5 24. Rxa7 c5 25. Qe4 Qxe4 26. Rxe4 Bb8 27. Ra1
cxd4 28. Rxd4 Rc2 29. Rd2 Rfc8 30. b3 Bf4 31. Rxc2 Rxc2 32. Kf1 Rb2 33. Ra8+
Kh7 34. Ra7 Kg6 35. h5+ Kf6 36. Rb7 Rb1+ 37. Ke2 Rb2+ 38. Ke1 Rb1+ 39. Ke2
1/2-1/2

[Event "N�-LL 2007_08"]
[Site "?"]
[Date "2007.09.16"]
[Round "1"]
[White "Strubreiter, Markus"]
[Black "Brehovsky, Paul"]
[Result "0-1"]
[WhiteElo "2023"]
[BlackElo "2100"]
[Annotator "Mauerbach : Bad V�slau-Kottingbrunn"]
[PlyCount "48"]
[EventDate "2007.09.21"]
[SourceDate "2007.09.21"]

1. e4 e6 2. Nc3 d5 3. d4 Nf6 4. Bg5 Be7 5. Bxf6 Bxf6 6. Nf3 O-O 7. Bd3 c5 8. e5
Be7 9. h4 h6 10. dxc5 Nc6 11. Qe2 Bxc5 12. Ng5 f5 13. exf6 Qxf6 14. O-O-O hxg5
15. hxg5 Qxg5+ 16. f4 Rxf4 17. Kb1 Bd7 18. Bh7+ Kf7 19. g3 Rf6 20. Ne4 dxe4 21.
Rxd7+ Be7 22. Bxe4 Qc5 23. Rxb7 Rh8 24. Bxc6 Rxh1+ 0-1

[Event "N�-LL 2007_08"]
[Site "?"]
[Date "2007.09.16"]
[Round "1"]
[White "Neumeier, Klaus"]
[Black "Zojer, Thomas"]
[Result "1-0"]
[WhiteElo "2289"]
[BlackElo "2114"]
[Annotator "Mauerbach : Bad V�slau-Kottingbrunn"]
[PlyCount "75"]
[EventDate "2007.09.21"]
[SourceDate "2007.09.21"]

1. e4 c5 2. Nf3 Nc6 3. Bb5 g6 4. O-O Bg7 5. Re1 e6 6. Bxc6 bxc6 7. e5 d6 8.
exd6 Qxd6 9. d3 Rb8 10. Nbd2 Nf6 11. Nc4 Qc7 12. Be3 Nd7 13. Qd2 O-O (13... f6
14. Rab1 O-O 15. Qa5 Qxa5 16. Nxa5 Rb6 17. Nb3) 14. Bf4 Qb7 15. Bxb8 Qxb8 16.
Qg5 Re8 17. Qg3 e5 18. Nfd2 Nf8 19. Nb3 Be6 20. Nba5 Bxc4 21. Nxc4 f6 22. f4
Ne6 23. fxe5 fxe5 24. Nxe5 Nd4 25. Nc4 Nxc2 26. Rxe8+ Qxe8 27. Rf1 Nd4 28. Kh1
Nf5 29. Qe1 Qd7 30. Qe4 Bd4 31. b3 Qf7 32. Rf3 h5 33. Qxc6 Qe7 34. Qe4 Qg5 35.
Rf1 h4 36. Nd6 Ng3+ 37. hxg3 hxg3 38. Qe6+ 1-0

[Event "N�-LL 2007_08"]
[Site "?"]
[Date "2007.09.16"]
[Round "1"]
[White "Hofbauer, Peter"]
[Black "Ponjican, Erich"]
[Result "1-0"]
[WhiteElo "2066"]
[BlackElo "2160"]
[Annotator "Mauerbach : Bad V�slau-Kottingbrunn"]
[PlyCount "118"]
[EventDate "2007.09.21"]
[SourceDate "2007.09.21"]

1. e4 Nf6 2. e5 Nd5 3. d4 d6 4. c4 Nb6 5. exd6 exd6 6. Nc3 Nc6 7. Nf3 Bg4 8.
Be2 Be7 9. O-O O-O 10. b3 Re8 11. Be3 Bf6 12. Qd2 d5 13. c5 Nc8 14. Rfe1 h6 15.
h3 Bh5 16. Rad1 N8e7 17. g4 Bg6 18. g5 hxg5 19. Bxg5 Qd7 20. Bxf6 gxf6 21. Kh2
Kg7 22. Qf4 Rh8 23. Nh4 Nd8 24. Bg4 Ne6 25. Bxe6 fxe6 26. Rg1 Rh6 27. Rg3 Rah8
28. Nxg6 Nxg6 29. Qg4 f5 30. Qg5 f4 31. Qxf4 Rxh3+ 32. Kg2 Rh2+ 33. Kf1 Rh1+
34. Ke2 Rxd1 35. Nxd1 Rf8 36. Qg5 Qb5+ 37. Kd2 Qb4+ 38. Kc2 Rf6 39. Qe3 b6 40.
Qe5 bxc5 41. Qxc7+ Rf7 42. Qxc5 Qe1 43. Qc3 Qe2+ 44. Kc1 Qxa2 45. Rg2 Qa3+ 46.
Kd2 Qd6 47. Nb2 Rf6 48. Nd3 Rf3 49. Qa5 Kf6 50. Rxg6+ Kxg6 51. Ne5+ Kf5 52.
Nxf3 Qf4+ 53. Ke2 Qe4+ 54. Kf1 Qxf3 55. Qxa7 Qd1+ 56. Kg2 Qg4+ 57. Kf1 Qd1+ 58.
Kg2 Qg4+ 59. Kf1 Qd1+ 1-0